|
|
|
|
| LEADER |
00000nab a2200000 a 4500 |
| 001 |
vtls000273299 |
| 003 |
SK-MaSNL |
| 005 |
20260302213759.0 |
| 008 |
111130c1987 xo 0 slo |
| 015 |
|
|
|a SNBRB19rr/mm-uuuuu
|
| 035 |
|
|
|a CL0283413
|
| 040 |
|
|
|a SNKBUCL
|b slo
|c SNKBUCL
|e AACR2
|
| 041 |
0 |
|
|a slo
|
| 044 |
|
|
|a xo
|c SK
|
| 080 |
|
|
|a 796.912.093.1(100):378
|2 1981
|
| 080 |
|
|
|a 378
|2 1981
|
| 100 |
1 |
|
|a (špu)
|4 aut
|9 940255
|
| 245 |
1 |
0 |
|a Prvé kovy ženám a dvojiciam
|b Poprad - krasokorčuľovanie
|c (špu)
|
| 611 |
2 |
7 |
|a Svetová zimná univerziáda
|d (1987 :
|c Vysoké Tatry, Slovensko)
|2 snkbucl
|9 940253
|
| 650 |
0 |
7 |
|a krasokorčuľovanie
|2 snkbucl
|9 3255
|
| 655 |
|
7 |
|a články z novín a časopisov
|2 snkbucl
|9 267496
|
| 773 |
0 |
|
|t Šport
|g Roč. 41, č. 48 (27. 2. 1987), s. 8
|
| 850 |
|
|
|a Slovenská národná knižnica v Martine
|a MTA001
|
| 852 |
|
|
|a SNK
|b KIS3GCP
|
| 958 |
|
|
|a RK
|
| 992 |
|
|
|a RBX
|
| 999 |
|
|
|c 1494913
|d 1496843
|